[Event "24th Klatovy A 2016"]
[Site "Klatovy CZE"]
[Date "2016.07.09"]
[Round "8.3"]
[White "Hollan, Petr"]
[Black "Vyprachticky, David"]
[Result "1/2-1/2"]
[WhiteElo "2263"]
[BlackElo "2246"]
[PlyCount "96"]
[EventDate "2016.07.02"]
[EventType "swiss"]
[EventRounds "9"]
[EventCountry "CZE"]

1. Nf3 Nf6 2. d4 d5 3. c4 e6 4. Nc3 Bb4 5. cxd5 exd5 6. e3 c6 7. Bd3 Bg4 8. Bd2 Nbd7 9. Rc1 Bd6 10. a3 a5 11. h3 Bh5 12. O-O Bg6 13. Qc2 Bxd3 14. Qxd3 O-O 15. Rfe1 Re8 16. e4 dxe4 17. Nxe4 Nxe4 18. Rxe4 Rxe4 19. Qxe4 Nf6 20. Qc2 Qb6 21. Bg5 Nd5 22. Re1 h6 23. Bc1 Qc7 24. Qf5 Qc8 25. Qh5 Qd7 26. Ne5 Re8 27. Bd2 Bxe5 28. Rxe5 a4 29. Qg4 Rd8 30. Qg3 Kh7 31. Qd3+ Kg8 32. Qe2 Nf6 33. Bc3 Nd5 34. Qc4 b5 35. Qc5 Re8 36. Bd2 f6 37. Rxe8+ Qxe8 38. Qd6 Kf7 39. f3 Qe6 40. Qc5 Qd7 41. Kf2 Nc7 42. Be3 Ne6 43. Qh5+ Kf8 44. Qf5 Qd6 45. Qe4 Kf7 46. g3 b4 47. Qd3 bxa3 48. bxa3 Qd5 1/2-1/2

[Event "24th Klatovy A 2016"]
[Site "Klatovy CZE"]
[Date "2016.07.09"]
[Round "8.5"]
[White "Chalupa, Ivan"]
[Black "Hausner, Ivan"]
[Result "0-1"]
[WhiteElo "2175"]
[BlackElo "2345"]
[PlyCount "74"]
[EventDate "2016.07.02"]
[EventType "swiss"]
[EventRounds "9"]
[EventCountry "CZE"]

1. e4 d6 2. d4 Nf6 3. Nc3 c6 4. g3 Nbd7 5. Bg2 e5 6. Nge2 g6 7. O-O Bg7 8. h3 O-O 9. Be3 Re8 10. g4 exd4 11. Bxd4 Ne5 12. f4 Nc4 13. b3 Nb6 14. g5 Nh5 15. Bxg7 Nxg7 16. Qd2 d5 17. Rad1 Be6 18. Ng3 Qc7 19. Qf2 dxe4 20. Ncxe4 Red8 21. Nf6+ Kh8 22. Nge4 Nf5 23. c4 Rxd1 24. Rxd1 Rd8 25. Re1 Rd4 26. Rf1 Qd8 27. Bf3 Nd7 28. Bg4 Nxf6 29. Nxf6 Ng7 30. Nd5 c5 31. Qe3 Bxd5 32. cxd5 Rxd5 33. Qc3 b6 34. Re1 Rd4 35. Qf3 Kg8 36. Re4 h5 37. gxh6 f5 0-1

[Event "24th Klatovy A 2016"]
[Site "Klatovy CZE"]
[Date "2016.07.09"]
[Round "8.6"]
[White "Vedral, Oldrich"]
[Black "Filipi, Stepan"]
[Result "1/2-1/2"]
[WhiteElo "2289"]
[BlackElo "2164"]
[PlyCount "131"]
[EventDate "2016.07.02"]
[EventType "swiss"]
[EventRounds "9"]
[EventCountry "CZE"]

1. e4 c5 2. Nf3 e6 3. d3 Nc6 4. g3 g6 5. Bg2 Bg7 6. O-O Nge7 7. Re1 e5 8. Be3 d6 9. c3 O-O 10. Na3 h6 11. Qd2 Kh7 12. d4 b6 13. dxe5 dxe5 14. Rad1 Qxd2 15. Nxd2 Be6 16. Bf1 Na5 17. Ndc4 Nec6 18. Nxa5 Nxa5 19. b3 Rfd8 20. f3 Bf6 21. Nb5 Rd7 22. Rxd7 Bxd7 23. Rd1 Bxb5 24. Bxb5 Rd8 25. Rxd8 Bxd8 26. Kf1 Nb7 27. Ba6 Nd6 28. Ke2 g5 29. Kd3 Kg6 30. a3 f5 31. exf5+ Kxf5 32. g4+ Ke6 33. Bc4+ Kd7 34. Bd5 a5 35. Bd2 Ke7 36. b4 axb4 37. cxb4 cxb4 38. Bxb4 Bc7 39. a4 Kf6 40. Bc3 Bd8 41. Kc2 Bc7 42. Kb3 Bd8 43. h3 Bc7 44. Kb4 Bd8 45. a5 bxa5+ 46. Kc5 Be7 47. Kc6 a4 48. Ba2 a3 49. Kd5 Nf7 50. Bb3 Bd6 51. Kc6 Bf8 52. Ba2 Nh8 53. Kd5 Ng6 54. Ke4 Bd6 55. Kd5 Be7 56. Ke4 Bc5 57. Ba5 Nf4 58. Bd8+ Kg7 59. Kxe5 Nd3+ 60. Kf5 Nb4 61. Bf6+ Kh7 62. Bb3 Bf8 63. h4 gxh4 64. Bxh4 a2 65. Bxa2 Nxa2 66. g5 1/2-1/2

[Event "24th Klatovy A 2016"]
[Site "Klatovy CZE"]
[Date "2016.07.09"]
[Round "8.7"]
[White "Chmel, Kristian"]
[Black "Novotny, Michal"]
[Result "0-1"]
[WhiteElo "2114"]
[BlackElo "2283"]
[PlyCount "50"]
[EventDate "2016.07.02"]
[EventType "swiss"]
[EventRounds "9"]
[EventCountry "CZE"]

1. e4 e6 2. d4 d5 3. e5 c5 4. c3 Qb6 5. Nf3 Nc6 6. a3 Nge7 7. b4 cxd4 8. cxd4 Nf5 9. Be3 f6 10. Bd3 Nxe3 11. fxe3 fxe5 12. Nxe5 Nxe5 13. Qh5+ Nf7 14. Bxh7 Bd7 15. O-O O-O-O 16. Qxf7 Be8 17. Qf2 Bd6 18. g3 g6 19. Qc2+ Kb8 20. Bxg6 Rc8 21. Qd3 Bb5 22. Qd1 Bxf1 23. Qxf1 Qc7 24. Qf2 Qc1+ 25. Kg2 Rxh2+ 0-1

[Event "24th Klatovy A 2016"]
[Site "Klatovy CZE"]
[Date "2016.07.09"]
[Round "8.8"]
[White "Kopta, Pavel"]
[Black "Zilavy, Jan"]
[Result "1-0"]
[WhiteElo "2235"]
[BlackElo "2030"]
[PlyCount "67"]
[EventDate "2016.07.02"]
[EventType "swiss"]
[EventRounds "9"]
[EventCountry "CZE"]

1. d4 e6 2. c4 Nf6 3. Nc3 Bb4 4. Qc2 Nc6 5. Nf3 d6 6. Bd2 O-O 7. a3 Bxc3 8. Bxc3 Qe7 9. e3 e5 10. d5 Nb8 11. Be2 Bg4 12. O-O c6 13. dxc6 Nxc6 14. b4 Rac8 15. Rfd1 a6 16. Rac1 Bh5 17. b5 Bg6 18. Qb2 Nb8 19. Bb4 Ne4 20. Rd5 f6 21. Rcd1 Rfd8 22. Bd3 Nc5 23. Bxg6 hxg6 24. Qd2 Rd7 25. Bxc5 Rxc5 26. Rxd6 Rxd6 27. Qxd6 Qxd6 28. Rxd6 Rxc4 29. Rd8+ Kf7 30. Kf1 Nc6 31. bxc6 bxc6 32. Ne1 Ke7 33. Rd3 c5 34. Ke2 1-0

[Event "24th Klatovy A 2016"]
[Site "Klatovy CZE"]
[Date "2016.07.09"]
[Round "8.9"]
[White "Simunek, Filip"]
[Black "Formanek, Martin"]
[Result "1/2-1/2"]
[WhiteElo "2143"]
[BlackElo "2227"]
[PlyCount "62"]
[EventDate "2016.07.02"]
[EventType "swiss"]
[EventRounds "9"]
[EventCountry "CZE"]

1. d4 Nf6 2. c4 g6 3. Nc3 Bg7 4. e4 d6 5. Nf3 O-O 6. Be2 e5 7. O-O exd4 8. Nxd4 Re8 9. f3 c6 10. Kh1 Nbd7 11. Nc2 Nh5 12. f4 Nhf6 13. Bf3 Nc5 14. Re1 a5 15. Rb1 Qc7 16. Qd2 Bg4 17. Qe2 Bxf3 18. gxf3 Nh5 19. f5 Be5 20. Rg1 Nf4 21. Bxf4 Bxf4 22. Rg4 Be5 23. Ne3 Kh8 24. Rbg1 Qe7 25. Qd2 Rad8 26. Ne2 Rg8 27. b3 b6 28. Nd4 Rc8 29. Ne2 Rcd8 30. Nd4 Rc8 31. Ne2 Rcd8 1/2-1/2

[Event "24th Klatovy A 2016"]
[Site "Klatovy CZE"]
[Date "2016.07.09"]
[Round "8.10"]
[White "Toman, Ondrej"]
[Black "Horak, Martin"]
[Result "1-0"]
[WhiteElo "2197"]
[BlackElo "2107"]
[PlyCount "87"]
[EventDate "2016.07.02"]
[EventType "swiss"]
[EventRounds "9"]
[EventCountry "CZE"]

1. e4 d6 2. d4 Nf6 3. Nc3 g6 4. Nf3 Bg7 5. Bc4 O-O 6. O-O c6 7. Bb3 Nbd7 8. e5 dxe5 9. dxe5 Nd5 10. Nxd5 cxd5 11. Qxd5 Nxe5 12. Nxe5 Qxd5 13. Bxd5 Bxe5 14. Re1 Bf6 15. c3 Rd8 16. Bf3 Be6 17. Bxb7 Rab8 18. Ba6 Rb6 19. Be2 a5 20. a4 Bd7 21. Rd1 e6 22. Ra2 Bc6 23. Rxd8+ Bxd8 24. f3 f5 25. Bc4 Kf7 26. Kf2 Bf6 27. Ke2 Be5 28. Be3 Rb7 29. h3 Ke7 30. Kd3 Kd6 31. b3 Bd5 32. Rd2 Bc6 33. Kc2+ Ke7 34. Bg5+ Bf6 35. Bxf6+ Kxf6 36. Rd6 Bd7 37. Ra6 Kg5 38. g3 e5 39. Rxa5 f4 40. h4+ Kf5 41. g4+ Kf6 42. g5+ Kf5 43. Ra6 e4 44. Ra5+ 1-0

[Event "24th Klatovy A 2016"]
[Site "Klatovy CZE"]
[Date "2016.07.09"]
[Round "8.11"]
[White "Slovak, Kilian"]
[Black "Palek, Miroslav"]
[Result "1/2-1/2"]
[WhiteElo "2108"]
[BlackElo "2187"]
[PlyCount "35"]
[EventDate "2016.07.02"]
[EventType "swiss"]
[EventRounds "9"]
[EventCountry "CZE"]

1. e4 c5 2. Nf3 Nc6 3. d4 cxd4 4. Nxd4 g6 5. Be3 Nf6 6. Nc3 Bg7 7. Be2 O-O 8. O-O d5 9. exd5 Nb4 10. d6 Qxd6 11. Bf3 Nfd5 12. Nxd5 Nxd5 13. Nb5 Nxe3 14. Qxd6 exd6 15. fxe3 Bxb2 16. Rab1 Be5 17. Nc7 Rb8 18. Na6 1/2-1/2

[Event "24th Klatovy A 2016"]
[Site "Klatovy CZE"]
[Date "2016.07.09"]
[Round "8.17"]
[White "Turner, Radek"]
[Black "Taborsky, Rostislav"]
[Result "0-1"]
[WhiteElo "2077"]
[BlackElo "2180"]
[PlyCount "98"]
[EventDate "2016.07.02"]
[EventType "swiss"]
[EventRounds "9"]
[EventCountry "CZE"]

1. c4 Nf6 2. g3 c6 3. Bg2 d5 4. cxd5 cxd5 5. Nf3 Nc6 6. d4 Bf5 7. Ne5 e6 8. Nxc6 bxc6 9. Nc3 Bd6 10. O-O O-O 11. Na4 Qb8 12. b3 Rc8 13. Bb2 a5 14. Rc1 Qb4 15. Bc3 Qb5 16. Re1 Ba3 17. Bb2 Bxb2 18. Nxb2 c5 19. Rxc5 Rxc5 20. dxc5 Qxc5 21. Na4 Qb4 22. Qa1 Qd2 23. Bf1 Rc8 24. Rd1 Qc2 25. f3 h5 26. Kf2 e5 27. Ke1 Qc7 28. h3 d4 29. g4 Nd5 30. gxf5 Ne3 31. Qb2 Qe7 32. Rc1 Qh4+ 33. Kd2 Rxc1 34. Qxc1 Qf2 35. Nc5 Nxf1+ 36. Kd3 Ne3 37. Ne4 Qh4 38. Qc8+ Kh7 39. f6 Qe1 40. Nd2 gxf6 41. Qf8 Kg6 42. Ke4 Qf2 43. Qg8+ Kh6 44. Qh8+ Kg5 45. Qg7+ Kh4 46. Qxf6+ Kxh3 47. Kxe5 Qxe2 48. Qxf7 Nf5+ 49. Kf6 Qe7+ 0-1

[Event "24th Klatovy A 2016"]
[Site "Klatovy CZE"]
[Date "2016.07.09"]
[Round "8.18"]
[White "Krauskopfova, Lenka 1996"]
[Black "Kozak, Milos"]
[Result "1/2-1/2"]
[WhiteElo "1961"]
[BlackElo "2152"]
[PlyCount "62"]
[EventDate "2016.07.02"]
[EventType "swiss"]
[EventRounds "9"]
[EventCountry "CZE"]

1. c4 c6 2. Nc3 d5 3. d4 Nf6 4. Nf3 dxc4 5. e4 b5 6. a3 e6 7. Bg5 Bb7 8. Be2 h6 9. Bxf6 Qxf6 10. O-O Qd8 11. b3 cxb3 12. Qxb3 Be7 13. d5 exd5 14. exd5 O-O 15. dxc6 Bxc6 16. Nxb5 Na6 17. Rfd1 Qb6 18. Nbd4 Qxb3 19. Nxb3 Ba4 20. Bxa6 Bxb3 21. Rd3 Rad8 22. Nd4 Ba4 23. Nf5 Bf6 24. Rc1 Rd6 25. Bc4 Re6 26. Nd6 Kh7 27. Re1 Rd8 28. Nxf7 Rxd3 29. Bxd3+ Kg8 30. Bg6 Rb6 31. Rc1 Rb8 1/2-1/2

[Event "24th Klatovy A 2016"]
[Site "Klatovy CZE"]
[Date "2016.07.09"]
[Round "8.25"]
[White "Dungl, Petr"]
[Black "Stolc, Martin"]
[Result "0-1"]
[WhiteElo "1902"]
[BlackElo "2042"]
[PlyCount "120"]
[EventDate "2016.07.02"]
[EventType "swiss"]
[EventRounds "9"]
[EventCountry "CZE"]

1. d4 d6 2. Nf3 g6 3. g3 Bg7 4. Bg2 c6 5. O-O Bf5 6. c4 Nf6 7. Nc3 Na6 8. a3 Qc8 9. Re1 Ne4 10. Nxe4 Bxe4 11. Nh4 Bxg2 12. Nxg2 Qg4 13. e4 Qxd1 14. Rxd1 Kd7 15. Rb1 b5 16. Ne3 Rab8 17. e5 f6 18. exd6 exd6 19. cxb5 Rxb5 20. b4 f5 21. Nc4 Re8 22. Na5 Nc7 23. Bb2 Nd5 24. Rdc1 Bh6 25. Rc2 Rb6 26. Kf1 f4 27. Re1 fxg3 28. hxg3 Rxe1+ 29. Kxe1 Ne7 30. Bc1 Bxc1 31. Rxc1 Rb8 32. Ke2 Rf8 33. Nc4 Rf5 34. Ne3 Rh5 35. Rd1 Ke6 36. Rc1 a5 37. bxa5 Rxa5 38. Rc3 Ra6 39. Kd3 Nd5 40. Rb3 h5 41. Ng2 g5 42. Ke4 Ra4 43. Kd3 Kf5 44. f3 Ke6 45. f4 gxf4 46. gxf4 Kf5 47. Ne3+ Nxe3 48. Kxe3 h4 49. Rc3 h3 50. Kf2 Rxd4 51. Rxc6 Kxf4 52. Rc3 h2 53. Kg2 Rd2+ 54. Kh1 d5 55. a4 Ra2 56. Rh3 d4 57. Rh4+ Ke3 58. Rh3+ Ke4 59. Rh4+ Kd3 60. a5 Kc3 0-1

[Event "24th Klatovy A 2016"]
[Site "Klatovy CZE"]
[Date "2016.07.09"]
[Round "8.26"]
[White "Van Kempen, Roderick"]
[Black "Stinka, Jakub"]
[Result "1-0"]
[WhiteElo "2042"]
[BlackElo "1916"]
[PlyCount "55"]
[EventDate "2016.07.02"]
[EventType "swiss"]
[EventRounds "9"]
[EventCountry "CZE"]

1. e4 c5 2. c3 d5 3. exd5 Qxd5 4. d4 e6 5. Nf3 Nf6 6. Be3 cxd4 7. cxd4 Be7 8. Nc3 Qd8 9. Qb3 O-O 10. Rd1 Nc6 11. Bd3 b6 12. O-O Bb7 13. Ne5 Rc8 14. Be2 Nb4 15. a3 Nbd5 16. Bf3 h6 17. Rc1 Nxe3 18. fxe3 Bxf3 19. Nxf3 Ng4 20. Rce1 e5 21. dxe5 Qd3 22. e6 Nxe3 23. exf7+ Kh7 24. Rf2 Bf6 25. Qe6 Bxc3 26. Rxe3 Qb1+ 27. Rf1 Qxb2 28. Ng5+ 1-0

[Event "24th Klatovy A 2016"]
[Site "Klatovy CZE"]
[Date "2016.07.09"]
[Round "8.27"]
[White "Brunova, Blanka"]
[Black "Soural, Karel"]
[Result "1-0"]
[WhiteElo "1880"]
[BlackElo "2035"]
[PlyCount "29"]
[EventDate "2016.07.02"]
[EventType "swiss"]
[EventRounds "9"]
[EventCountry "CZE"]

1. e4 e5 2. Nf3 Nc6 3. Bb5 a6 4. Ba4 Nf6 5. d4 b5 6. Bb3 Nxd4 7. Nxd4 exd4 8. e5 Qe7 9. O-O Ng8 10. Bg5 Qxg5 11. Qf3 Bc5 12. Qxa8 Ne7 13. f4 Qf5 14. Qf3 h5 15. Nd2 1-0

[Event "24th Klatovy A 2016"]
[Site "Klatovy CZE"]
[Date "2016.07.09"]
[Round "8.30"]
[White "Psaila, Clarence"]
[Black "Holy, Filip"]
[Result "1/2-1/2"]
[WhiteElo "2080"]
[BlackElo "1977"]
[PlyCount "55"]
[EventDate "2016.07.02"]
[EventType "swiss"]
[EventRounds "9"]
[EventCountry "CZE"]

1. Nf3 d5 2. d4 Nf6 3. c4 c6 4. Qc2 dxc4 5. Qxc4 b5 6. Qc2 e6 7. g3 Bb7 8. Bg2 Nbd7 9. O-O c5 10. Rd1 Rc8 11. Qb3 Qb6 12. Be3 Be7 13. a4 b4 14. Rc1 a5 15. Nbd2 O-O 16. Nc4 Qa7 17. h3 Nd5 18. dxc5 Nxe3 19. Nxe3 Bxc5 20. Ne1 Bxe3 21. Qxe3 Qxe3 22. fxe3 Bxg2 23. Kxg2 Nc5 24. Nd3 Nb3 25. Rxc8 Rxc8 26. Rd1 Kf8 27. Kf3 Ke7 28. g4 1/2-1/2

[Event "24th Klatovy A 2016"]
[Site "Klatovy CZE"]
[Date "2016.07.09"]
[Round "8.32"]
[White "Cekan, Petr1"]
[Black "Van der Hoeven, Gerben"]
[Result "1-0"]
[WhiteElo "1993"]
[BlackElo "1968"]
[PlyCount "46"]
[EventDate "2016.07.02"]
[EventType "swiss"]
[EventRounds "9"]
[EventCountry "CZE"]

1. e4 c5 2. Nc3 d6 3. f4 Nf6 4. Nf3 g6 5. Bb5+ Bd7 6. Bxd7+ Nbxd7 7. d3 Bg7 8. O-O O-O 9. Qe1 a6 10. f5 b5 11. Qh4 c4 12. Bh6 b4 13. Ne2 Qb6+ 14. Kh1 Bxh6 15. Qxh6 Ng4 16. Qh4 Ndf6 17. fxg6 hxg6 18. d4 Ne3 19. Ng5 Nxf1 20. Rxf1 Kg7 21. Rxf6 Kxf6 22. Nf4 Rh8 23. Nd5+ Kg7 1-0

[Event "24th Klatovy A 2016"]
[Site "Klatovy CZE"]
[Date "2016.07.09"]
[Round "8.33"]
[White "Brock, Ditmar"]
[Black "Novy, Daniel"]
[Result "1/2-1/2"]
[WhiteElo "1931"]
[BlackElo "1987"]
[PlyCount "49"]
[EventDate "2016.07.02"]
[EventType "swiss"]
[EventRounds "9"]
[EventCountry "CZE"]

1. Nf3 Nf6 2. c4 c5 3. Nc3 g6 4. g3 Bg7 5. Bg2 Nc6 6. O-O O-O 7. e4 d6 8. d3 e5 9. a3 Bd7 10. h3 Nh5 11. Nd5 Ne7 12. Nxe7+ Qxe7 13. Ne1 Rab8 14. Nc2 Bc6 15. Ne3 Qe8 16. Bf3 Nf6 17. b4 b6 18. b5 Bd7 19. Kg2 Be6 20. Ng4 Nxg4 21. hxg4 f5 22. gxf5 gxf5 23. Rh1 f4 24. Bh5 Bf7 25. Bxf7+ 1/2-1/2

[Event "24th Klatovy A 2016"]
[Site "Klatovy CZE"]
[Date "2016.07.09"]
[Round "8.35"]
[White "Sibl, Vaclav"]
[Black "Oz, Ozan"]
[Result "1/2-1/2"]
[WhiteElo "1970"]
[BlackElo "1863"]
[PlyCount "78"]
[EventDate "2016.07.02"]
[EventType "swiss"]
[EventRounds "9"]
[EventCountry "CZE"]

1. d4 g6 2. Bf4 Bg7 3. e3 d6 4. Nf3 Nd7 5. h3 e5 6. Bh2 f5 7. c3 Nh6 8. Bc4 c6 9. dxe5 d5 10. Bb3 Qe7 11. O-O Nf7 12. Nbd2 Ndxe5 13. Nxe5 Bxe5 14. Nf3 Bxh2+ 15. Kxh2 g5 16. c4 g4 17. Ng1 dxc4 18. Bxc4 Qe5+ 19. g3 Nd6 20. Bb3 Be6 21. Bxe6 Qxe6 22. Qd4 Rg8 23. Ne2 Nb5 24. Qf4 O-O-O 25. a4 Nd6 26. Nd4 Qe4 27. Qxe4 fxe4 28. hxg4 Rxg4 29. Kg2 Nc4 30. b4 Ne5 31. Rh1 Rd7 32. Rh5 Nd3 33. Rd1 Rf7 34. Rf5 Rxf5 35. Nxf5 Kc7 36. Nd4 Rg6 37. Ne2 c5 38. bxc5 Ra6 39. Nc3 Nxc5 1/2-1/2

[Event "24th Klatovy A 2016"]
[Site "Klatovy CZE"]
[Date "2016.07.09"]
[Round "8.36"]
[White "Ruzicka, Ondrej"]
[Black "Richter, Martin1"]
[Result "1/2-1/2"]
[WhiteElo "1863"]
[BlackElo "1966"]
[PlyCount "31"]
[EventDate "2016.07.02"]
[EventType "swiss"]
[EventRounds "9"]
[EventCountry "CZE"]

1. e4 c5 2. Nf3 Nc6 3. c3 g6 4. d4 cxd4 5. cxd4 d5 6. exd5 Qxd5 7. Nc3 Qd8 8. d5 Nb8 9. Qb3 Bg7 10. Bc4 Nf6 11. O-O O-O 12. Re1 Nbd7 13. Be3 Ng4 14. Bg5 Ngf6 15. Be3 Ng4 16. Bg5 1/2-1/2

[Event "24th Klatovy A 2016"]
[Site "Klatovy CZE"]
[Date "2016.07.09"]
[Round "8.38"]
[White "Spicka, Jan"]
[Black "Danek, Vaclav"]
[Result "1/2-1/2"]
[WhiteElo "1833"]
[BlackElo "1921"]
[PlyCount "41"]
[EventDate "2016.07.02"]
[EventType "swiss"]
[EventRounds "9"]
[EventCountry "CZE"]

1. e4 d6 2. d4 Nf6 3. Nc3 g6 4. Be2 Bg7 5. Be3 O-O 6. Qd2 Re8 7. O-O-O c6 8. Bh6 Bh8 9. h4 b5 10. f3 b4 11. Nb1 Be6 12. Qxb4 Bxa2 13. Nc3 Be6 14. Nh3 Qc7 15. Ng5 Bc8 16. Bc4 e6 17. Qb3 Qb7 18. Qxb7 Bxb7 19. d5 cxd5 20. exd5 Nxd5 21. Nxd5 1/2-1/2

[Event "24th Klatovy A 2016"]
[Site "Klatovy CZE"]
[Date "2016.07.09"]
[Round "8.41"]
[White "Bottema, Timo"]
[Black "Lintner, Felix 1979"]
[Result "1/2-1/2"]
[WhiteElo "2065"]
[BlackElo "1826"]
[PlyCount "64"]
[EventDate "2016.07.02"]
[EventType "swiss"]
[EventRounds "9"]
[EventCountry "CZE"]

1. e4 c5 2. Nf3 Nc6 3. Nc3 e6 4. d4 cxd4 5. Nxd4 Qb6 6. Nb3 Bb4 7. Bd2 Nf6 8. Qe2 O-O 9. a3 Be7 10. Be3 Qc7 11. g3 a6 12. f4 d6 13. Bg2 Nd7 14. O-O b6 15. Rad1 Bb7 16. g4 Na5 17. Nxa5 bxa5 18. g5 Rfe8 19. Rf3 f5 20. Rh3 fxe4 21. Nxe4 d5 22. Nf2 Bc5 23. Qd3 Nf8 24. f5 Bxe3 25. Rxe3 exf5 26. Bxd5+ Kh8 27. Rxe8 Rxe8 28. Qxf5 Bxd5 29. Rxd5 Ng6 30. Rd1 Rf8 31. Rd7 Qc4 32. Qd5 Qxc2 1/2-1/2

[Event "24th Klatovy A 2016"]
[Site "Klatovy CZE"]
[Date "2016.07.09"]
[Round "8.43"]
[White "Kantor, Jozef"]
[Black "Hlozek, David"]
[Result "1/2-1/2"]
[WhiteElo "1880"]
[BlackElo "1677"]
[PlyCount "70"]
[EventDate "2016.07.02"]
[EventType "swiss"]
[EventRounds "9"]
[EventCountry "CZE"]

1. e4 c5 2. Nc3 d6 3. g3 e6 4. Bg2 Nc6 5. d3 g6 6. Be3 Bg7 7. Nge2 Nd4 8. O-O Ne7 9. Qd2 O-O 10. a3 Nec6 11. Rab1 Qc7 12. Rfc1 b6 13. Bf4 e5 14. Nd5 Qd8 15. Be3 Ne7 16. Nec3 Bb7 17. Rf1 Nxd5 18. Nxd5 Bxd5 19. exd5 Nf5 20. c3 Nxe3 21. fxe3 Qg5 22. Qf2 Rae8 23. c4 Bh6 24. Rbe1 f5 25. Bh3 e4 26. Bg2 exd3 27. Qf4 Qxf4 28. exf4 Bg7 29. Re6 Bxb2 30. Rd1 Bd4+ 31. Kf1 Rd8 32. Rxd3 Rfe8 33. Rd2 Kf7 34. Rde2 Bf6 35. h3 Rxe6 1/2-1/2

[Event "24th Klatovy A 2016"]
[Site "Klatovy CZE"]
[Date "2016.07.09"]
[Round "8.45"]
[White "Kostelecky, Daniel"]
[Black "Palla, Rostislav"]
[Result "1-0"]
[WhiteElo "1862"]
[BlackElo "1736"]
[PlyCount "64"]
[EventDate "2016.07.02"]
[EventType "swiss"]
[EventRounds "9"]
[EventCountry "CZE"]

1. e4 c5 2. d4 cxd4 3. c3 d6 4. cxd4 Nf6 5. Nc3 g6 6. Bc4 Bg7 7. Nf3 O-O 8. O-O Nc6 9. h3 a6 10. a4 Bd7 11. Be3 Rc8 12. Ba2 Nb4 13. Bb3 Nc6 14. Qd2 Na5 15. Ba2 Nc4 16. Bxc4 Rxc4 17. Bh6 Qb6 18. Bxg7 Kxg7 19. e5 Ne8 20. Nd5 Qd8 21. b3 Rc8 22. Rfe1 e6 23. Ne3 d5 24. Ng4 f5 25. exf6+ Nxf6 26. Qh6+ Kg8 27. Ng5 Qe7 28. Ne5 Rc2 29. f3 Bc8 30. Rac1 Qc7 31. Nxg6 hxg6 32. Qxg6+ Kh8 1-0

[Event "24th Klatovy A 2016"]
[Site "Klatovy CZE"]
[Date "2016.07.09"]
[Round "8.16"]
[White "Barrish, Daniel"]
[Black "Pick, Stepan"]
[Result "1-0"]
[WhiteElo "2183"]
[BlackElo "2058"]
[PlyCount "51"]
[EventDate "2016.07.02"]
[EventType "swiss"]
[EventRounds "9"]
[EventCountry "CZE"]

1. d4 Nf6 2. c4 c5 3. d5 b5 4. cxb5 a6 5. f3 e6 6. e4 exd5 7. e5 Qe7 8. Qe2 Ng8 9. Nc3 Bb7 10. Nh3 c4 11. Nf4 Qc5 12. Nfxd5 Bxd5 13. Be3 Qb4 14. Bd2 Be6 15. a3 Qa5 16. Nd5 Qd8 17. Qxc4 Bxd5 18. Qxd5 Ra7 19. Bc4 d6 20. bxa6 dxe5 21. Bb5+ Nd7 22. Qxe5+ Be7 23. O-O-O Rxa6 24. Bc3 Ngf6 25. Rxd7 Nxd7 26. Qxg7 1-0

[Event "24th Klatovy A 2016"]
[Site "Klatovy CZE"]
[Date "2016.07.09"]
[Round "8.42"]
[White "Kunc, Jan"]
[Black "Hacaperka, Michal"]
[Result "1-0"]
[WhiteElo "1798"]
[BlackElo "1887"]
[PlyCount "57"]
[EventDate "2016.07.02"]
[EventType "swiss"]
[EventRounds "9"]
[EventCountry "CZE"]

1. e4 c5 2. Nf3 d6 3. d4 cxd4 4. Nxd4 Nf6 5. Nc3 a6 6. Bc4 e6 7. Bb3 Be7 8. O-O O-O 9. f4 Qc7 10. f5 e5 11. Nde2 Qc5+ 12. Kh1 Ng4 13. Qe1 b5 14. Bd5 Ra7 15. Qg3 b4 16. Qxg4 bxc3 17. Nxc3 Kh8 18. Rf3 Qa5 19. Rh3 g6 20. Bh6 Qd8 21. Bxf8 Qxf8 22. Rf1 Qg7 23. f6 Qg8 24. Rxh7+ Qxh7 25. Qxc8+ Qg8 26. Qh3+ Qh7 27. Qxh7+ Kxh7 28. fxe7 Rxe7 29. Rxf7+ 1-0

[Event "24th Klatovy A 2016"]
[Site "Klatovy CZE"]
[Date "2016.07.09"]
[Round "8.44"]
[White "Molkanov, Oleg 2001"]
[Black "Novak, Jaromir"]
[Result "1/2-1/2"]
[WhiteElo "1860"]
[BlackElo "1904"]
[PlyCount "56"]
[EventDate "2016.07.02"]
[EventType "swiss"]
[EventRounds "9"]
[EventCountry "CZE"]

1. e4 d6 2. d4 g6 3. c4 Bg7 4. Nc3 c6 5. Be3 Nd7 6. Qd2 e5 7. d5 c5 8. Bd3 Ngf6 9. f3 a6 10. Nge2 Nb6 11. O-O-O Bd7 12. g4 Na4 13. Bh6 O-O 14. h4 Nxc3 15. Nxc3 Qe7 16. Bg5 Rfb8 17. h5 Qf8 18. hxg6 fxg6 19. Rh3 h5 20. Rg3 hxg4 21. Bxf6 Qxf6 22. fxg4 Qf4 23. Rdg1 Qxd2+ 24. Kxd2 Rf8 25. R1g2 Kf7 26. Nd1 Ke7 27. Be2 g5 28. a3 Ba4 1/2-1/2

[Event "24th Klatovy A 2016"]
[Site "Klatovy CZE"]
[Date "2016.07.09"]
[Round "8.12"]
[White "Zeman, Matyas"]
[Black "Bartos, Jan"]
[Result "1-0"]
[WhiteElo "2056"]
[BlackElo "2180"]
[PlyCount "82"]
[EventDate "2016.07.02"]
[EventType "swiss"]
[EventRounds "9"]
[EventCountry "CZE"]

1. e4 e5 2. Nf3 Nc6 3. Bc4 Bc5 4. b4 Bb6 5. O-O d6 6. h3 Nf6 7. Re1 O-O 8. b5 Ne7 9. c3 Ng6 10. d4 exd4 11. cxd4 Nxe4 12. Rxe4 d5 13. Bxd5 Qxd5 14. Nc3 Qc4 15. Bb2 Bf5 16. Qe2 Qxe2 17. Rxe2 Nf4 18. Re5 Nd3 19. Rxf5 Nxb2 20. Nd5 Rfd8 21. Nxb6 axb6 22. Rc1 g6 23. Rg5 f6 24. Rg3 Rd7 25. Rc2 Nd3 26. Rd2 Nb4 27. Ne1 Rxa2 28. Rxa2 Nxa2 29. Nc2 c6 30. bxc6 bxc6 31. Kf1 c5 32. dxc5 bxc5 33. Ra3 Nc1 34. Rc3 Rd1+ 35. Ne1 Kf7 36. f4 Ke6 37. Kf2 Kd5 38. Nc2 Rd2+ 39. Kf3 Rd3+ 40. Ne3+ Rxe3+ 41. Kxe3 c4 1-0

[Event "24th Klatovy A 2016"]
[Site "Klatovy CZE"]
[Date "2016.07.09"]
[Round "8.13"]
[White "Rosenbaum, Vit"]
[Black "Ratsma, Midas"]
[Result "1-0"]
[WhiteElo "2087"]
[BlackElo "2171"]
[PlyCount "69"]
[EventDate "2016.07.02"]
[EventType "swiss"]
[EventRounds "9"]
[EventCountry "CZE"]

1. d4 Nf6 2. c4 c5 3. d5 b5 4. cxb5 a6 5. bxa6 g6 6. Nc3 Bg7 7. g3 d6 8. Bg2 O-O 9. Nf3 Nbd7 10. Rb1 Bxa6 11. O-O Qa5 12. Bd2 Rfb8 13. Qc2 Ng4 14. b3 c4 15. h3 Nge5 16. Nd4 cxb3 17. axb3 Qc5 18. Nc6 Re8 19. Be3 Qxc3 20. Qxc3 Nf3+ 21. Bxf3 Bxc3 22. Bg5 f6 23. Rfc1 Be5 24. Be3 f5 25. b4 Bb5 26. Na7 Ba4 27. b5 Nc5 28. Bxc5 dxc5 29. b6 Bc7 30. bxc7 Rxa7 31. Rxc5 Bd7 32. Rb8 Rc8 33. Rxc8+ Bxc8 34. e4 fxe4 35. Bg4 1-0

[Event "24th Klatovy A 2016"]
[Site "Klatovy CZE"]
[Date "2016.07.09"]
[Round "8.14"]
[White "Miesbauer, Jan"]
[Black "Parizek, Vojtech"]
[Result "1-0"]
[WhiteElo "2321"]
[BlackElo "2104"]
[PlyCount "53"]
[EventDate "2016.07.02"]
[EventType "swiss"]
[EventRounds "9"]
[EventCountry "CZE"]

1. e4 c5 2. Nf3 Nc6 3. d4 cxd4 4. Nxd4 Nf6 5. Nc3 e5 6. Ndb5 d6 7. Bg5 a6 8. Na3 b5 9. Nd5 Be7 10. Bxf6 Bxf6 11. c3 O-O 12. Nc2 Rb8 13. g3 Bg5 14. Bg2 a5 15. O-O b4 16. f4 Bh6 17. cxb4 axb4 18. Nce3 Nd4 19. Qh5 f5 20. Rad1 fxe4 21. Bxe4 Qe8 22. Nf6+ gxf6 23. Qxh6 Rf7 24. fxe5 Qxe5 25. Bd5 Ne6 26. Ng4 Qg5 27. Nxf6+ 1-0